000 00834nam a2200253 i 4500
001 5390
003 ES-MaACL
005 20250812045124.0
008 880609s1987 sp ||||1| spa d
020 _a84-306-1275-0
080 _a929 Carlos (460) I (0:7)
080 _a7.034
100 0 _aCheca Cremades, Fernando,
_d1952-
_938301
245 1 0 _aCarlos V y la imagen del héroe en el Renacimiento /
_cFernando Checa Cremades.
260 _aMadrid :
_bTaurus,
_c[1987]
300 _a294 p., [16] p. de lám. :
_bil. ;
_c21 cm.
490 1 _aEnsayistas ;
_v275
504 _aBibliografía: p. 275-291.
600 0 4 _aCarlos
_bI,
_cRey de España-
_vIconografía.
_935301
650 7 _aArte renacentista
_2embne
_910287
830 1 _aEnsayistas ;
_v275
_9177257
852 _aES-MaACL
_jL-12081
999 _c5390
_d5390